Statistics for Brawl Stars Brawlers

Click here to take the quiz!

General Stats

  • This quiz has been taken 4,009 times
  • The average score is 18 of 22

Answer Stats

NumberAnswer% Correct
1Shelly
97%
3Colt
95%
2Nita
93%
4Bull
91%
5Jessie
85%
22Leon
85%
6Brock
84%
21Crow
84%
20Spike
83%
8Bo
82%
9El Primo
82%
7Dynamike
80%
18Mortis
78%
11Poco
77%
10Barley
75%
19Tara
74%
17Frank
73%
16Pam
73%
14Penny
72%
13Darryl
69%
15Piper
69%
12Ricochet
51%

Score Distribution

Percentile by Number Answered

Percent of People with Each Score

Your Score History

You have not taken this quiz